Z mého života. III, část 2 Od vstupu Kaizlova do Národní strany svobodomyslné až do jeho smrti /

Hlavní autor: Kaizl, Josef, 1854-1901
Jazyk: Čeština
Vydáno: Praha : Vilímek, [1914]
Fyzický popis: 16, 940-1227 s. ; 8°
Knihy
Uloženo v:
LEADER 00950nam 22002412a 4500
001 000764518
003 CZ BrMZK
005 20050222141151.0
007 ta
008 050127s1914 xr |||||||| ||cze d
040 |a ABA001  |b cze  |c ABA001  |d ABA001  |d BOA001 
100 1 |a Kaizl, Josef,  |d 1854-1901  |7 jk01052569  |4 aut 
245 1 0 |a Z mého života.  |n III, část 2  |p Od vstupu Kaizlova do Národní strany svobodomyslné až do jeho smrti /  |c Josef Kaizl 
246 3 0 |a Od vstupu Kaizlova do Národní strany svobodomyslné až do jeho smrti 
260 |a Praha :  |b Vilímek,  |c [1914] 
300 |a 16, 940-1227 s. ;  |c 8° 
500 |a Vydal dr. Zdeněk V. Tobolka 
910 |a BOA001  |b 2-0036.415,3/2 
990 |a BK 
993 |a Y 
991 |b 200502 
996 6 |b 2619218840  |c 2-0036.415,3/2  |l MZK  |r Sklad / do 24 hodin  |n 4  |w 000764518  |u 000010  |a 1  |e BOA001  |j MZK50  |s P 
996 6 |b 2619222529  |c 2-0036.415,3/2  |l MZK  |r Sklad / do 24 hodin  |n 2  |w 000764518  |u 000020  |a 1  |e BOA001  |j MZK50  |s P